how many times can you type LeBron James in 1 minute - Statistics

General Stats
  • This quiz has been taken 179 times
  • The average score is 53 of 100
Answer Stats
Hint Answer % Correct
1 LeBron James
100%
2 LeBron James
97%
3 LeBron James
96%
4 LeBron James
92%
5 LeBron James
89%
6 LeBron James
89%
7 LeBron James
89%
8 LeBron James
89%
9 LeBron James
88%
10 LeBron James
87%
11 LeBron James
87%
12 LeBron James
87%
13 LeBron James
85%
14 LeBron James
85%
15 LeBron James
85%
16 LeBron James
85%
17 LeBron James
83%
18 LeBron James
83%
19 LeBron James
83%
20 LeBron James
82%
21 LeBron James
82%
22 LeBron James
82%
23 LeBron James
82%
24 LeBron James
81%
25 LeBron James
79%
26 LeBron James
78%
27 LeBron James
78%
28 LeBron James
76%
29 LeBron James
75%
30 LeBron James
74%
31 LeBron James
74%
32 LeBron James
73%
33 LeBron James
73%
34 LeBron James
72%
35 LeBron James
70%
36 LeBron James
65%
37 LeBron James
63%
38 LeBron James
61%
39 LeBron James
61%
40 LeBron James
60%
41 LeBron James
54%
42 LeBron James
54%
43 LeBron James
52%
44 LeBron James
52%
45 LeBron James
51%
46 LeBron James
49%
47 LeBron James
48%
48 LeBron James
48%
49 LeBron James
47%
50 LeBron James
44%
51 LeBron James
43%
52 LeBron James
43%
53 LeBron James
40%
54 LeBron James
39%
55 LeBron James
37%
56 LeBron James
35%
57 LeBron James
35%
58 LeBron James
33%
59 LeBron James
33%
60 LeBron James
33%
61 LeBron James
31%
62 LeBron James
31%
63 LeBron James
31%
64 LeBron James
31%
65 LeBron James
31%
66 LeBron James
31%
67 LeBron James
31%
68 LeBron James
31%
69 LeBron James
31%
70 LeBron James
30%
71 LeBron James
30%
72 LeBron James
30%
73 LeBron James
30%
74 LeBron James
30%
75 LeBron James
30%
76 LeBron James
30%
77 LeBron James
30%
78 LeBron James
30%
79 LeBron James
30%
80 LeBron James
30%
81 LeBron James
30%
82 LeBron James
30%
83 LeBron James
30%
84 LeBron James
30%
85 LeBron James
30%
86 LeBron James
30%
87 LeBron James
30%
88 LeBron James
30%
89 LeBron James
30%
90 LeBron James
30%
91 LeBron James
30%
92 LeBron James
30%
93 LeBron James
30%
94 LeBron James
30%
95 LeBron James
30%
96 LeBron James
30%
97 LeBron James
30%
98 LeBron James
30%
99 LeBron James
30%
100 LeBron James
30%
No matching quizzes found
Score Distribution
Percent of People with Each Score
Percentile by Number Answered
Your Score History
You have not taken this quiz